Les 100 plus grandes villes d'Occitanie sur une carte - Statistiques

Statistiques générales
  • Ce quiz a été pris 1 466 fois
  • Le résultat moyen est 35 sur 100
Réponses sur la Carte
Les réponses sont colorées sur une échelle allant du rouge au vert en fonction du pourcentage des utilisateurs qui les ont devinées à leur premier essai. Vous pouvez retrouver ces pourcentages ci-dessous.
 
Statistiques - réponses
Pop Réponse % Correct
504 078 Toulouse
97%
302 454 Montpellier
96%
119 656 Perpignan
94%
148 104 Nîmes
89%
46 218 Carcassonne
85%
80 341 Béziers
84%
56 395 Narbonne
84%
49 714 Albi
82%
61 919 Montauban
80%
24 207 Rodez
79%
43 955 Tarbes
78%
23 041 Auch
73%
44 712 Sète
73%
42 672 Castres
71%
9 472 Foix
70%
26 466 Blagnac
67%
20 141 Cahors
67%
12 316 Mende
65%
43 892 Alès
64%
21 712 Millau
64%
29 103 Agde
61%
24 888 Castelnau-le-Lez
55%
13 509 Lourdes
54%
25 060 Muret
54%
40 159 Colomiers
53%
16 394 Pamiers
50%
11 613 Saint-Gaudens
47%
9 770 Figeac
45%
26 185 Lunel
45%
12 448 Castelnaudary
44%
29 439 Tournefeuille
44%
17 385 Balma
40%
10 792 Argelès-sur-Mer
38%
23 808 Frontignan
38%
8 573 La Grande-Motte
36%
10 302 Limoux
36%
15 663 Gaillac
35%
8 438 Le-Grau-du-Roi
34%
10 064 Mazamet
34%
11 720 Villefranche-de-Rouergue
34%
12 598 Canet-en-Roussillon
33%
14 178 Castelsarrasin
33%
8 379 Uzès
33%
11 243 Saint-Jean
31%
11 398 Saint-Cyprien
30%
12 358 L’Union
29%
17 544 Lattes
28%
14 949 Ramonville-Saint-Agne
28%
10 830 Lavaur
26%
10 952 Lézignan-Corbières
26%
9 665 Revel
26%
8 685 Aigues-Mortes
25%
13 748 Moissac
25%
20 341 Cugnaux
24%
15 680 Beaucaire
23%
9 898 Carmaux
23%
9 324 l’Isle-Jourdain
22%
18 248 Bagnols-sur-Cèze
21%
13 166 Graulhet
21%
19 944 Plaisance-du-Touch
21%
11 873 Onet-le-Château
20%
9 349 Aucamville
19%
14 903 Castanet-Tolosan
19%
9 269 Clermont-l’Hérault
19%
16 596 Mauguio
19%
9 805 Portet-sur-Garonne
19%
9 099 Rivesaltes
19%
13 766 Saint-Orens-de-Gameville
19%
12 783 Juvignac
17%
9 576 Saint-Sulpice-la-Pointe
17%
12 664 Mèze
16%
9 561 Pérols
16%
14 264 Saint-Gilles
16%
10 126 Auterive
15%
8 961 Grenade
15%
10 600 Pont-Saint-Esprit
15%
12 617 Villeneuve-lès-Avignon
15%
9 428 Elne
14%
8 678 Pibrac
14%
12 570 Saint-Jean-de-Védas
14%
12 546 Fonsorbes
13%
11 550 Saint-Estève
13%
11 774 Vauvert
13%
10 876 Castelginest
12%
9 474 Léguevin
12%
10 369 Villeneuve-Tolosane
12%
10 338 Cabestany
11%
10 733 Pia
11%
10 537 Saint-Gély-du-Fesc
11%
9 789 Seysses
11%
9 457 Frouzins
10%
9 260 Launaguet
10%
9 295 Le Crès
10%
8 467 Marguerittes
10%
9 686 Saint-Lys
10%
10 405 Villeneuve-lès-Maguelone
10%
8 480 Les Angles
9%
8 973 Grabels
8%
8 524 La-Salvetat-Saint-Gilles
8%
10 010 Saint-Laurent-de-la-Salanque
8%
Aucun quiz correspondant
Distribution des résultats
% des personnes avec chaque résultat
Percentile par nombre de réponses
Votre historique - résultats
Vous n’avez pas pris ce quiz